| 000 | 00707nam a22002057a 4500 | ||
|---|---|---|---|
| 005 | 20230314130240.0 | ||
| 008 | 230314b sp ||||| |||| 00| 0 spa d | ||
| 020 | _a8432929433 (V.26) | ||
| 050 | 0 | 4 |
_aTH9 _bE53 1991 |
| 245 | 0 | 0 |
_aEnciclopedia de la construcción _c/ Miguel Payá Peinado...[et al]. |
| 250 | _a17a ed. | ||
| 260 |
_aBarcelona, España : _bEdiciones Ceac, _c1991. |
||
| 300 |
_av. : _bil. ; _c22 cm. |
||
| 490 | 0 | _aMonografías Ceac de la construcción. | |
| 500 | _aIncluye índice. | ||
| 505 | 1 |
_tV.26 Hormigón vibrado y hormigones especiales. _r/ Miguel Payá Peinado. |
|
| 650 | 7 |
_2lemb _aConstrucción _vEnciclopedias |
|
| 700 | 1 |
_aPayá Peinado, Miguel, _eautor |
|
| 942 |
_2lcc _cLIB |
||
| 999 |
_c166641 _d166639 |
||